| 000 -LEADER |
| fixed length control field |
03866cam a2200469 i 4500 |
| 001 - CONTROL NUMBER |
| control field |
19363176 |
| 003 - CONTROL NUMBER IDENTIFIER |
| control field |
NUST |
| 005 - DATE AND TIME OF LATEST TRANSACTION |
| control field |
20230314120624.0 |
| 008 - FIXED-LENGTH DATA ELEMENTS--GENERAL INFORMATION |
| fixed length control field |
161103t20172017ctu b 001 0 eng c |
| 010 ## - LIBRARY OF CONGRESS CONTROL NUMBER |
| LC control number |
2016958783 |
| 020 ## - INTERNATIONAL STANDARD BOOK NUMBER |
| International Standard Book Number |
9780300224207 |
| 020 ## - INTERNATIONAL STANDARD BOOK NUMBER |
| International Standard Book Number |
0300224206 |
| 035 ## - SYSTEM CONTROL NUMBER |
| System control number |
(OCoLC)ocn961309498 |
| 040 ## - CATALOGING SOURCE |
| Original cataloging agency |
YDX |
| Language of cataloging |
eng |
| Transcribing agency |
YDX |
| Description conventions |
rda |
| Modifying agency |
BDX |
| -- |
OCLCQ |
| -- |
ERASA |
| -- |
TOH |
| -- |
YUS |
| -- |
OCLCO |
| -- |
PMC |
| -- |
OCLCO |
| -- |
OCLCA |
| -- |
NTD |
| -- |
OCLCF |
| -- |
IQU |
| -- |
CBY |
| -- |
IGA |
| -- |
OBE |
| -- |
RCJ |
| -- |
DLC |
| 042 ## - AUTHENTICATION CODE |
| Authentication code |
pcc |
| 050 00 - LIBRARY OF CONGRESS CALL NUMBER |
| Classification number |
HT166 |
| Item number |
.B366 2017 |
| 082 00 - DEWEY DECIMAL CLASSIFICATION NUMBER |
| Classification number |
363.73874 BAR |
| Edition number |
23 |
| Author Mark |
BAR |
| 100 1# - MAIN ENTRY--PERSONAL NAME |
| Personal name |
Barber, Benjamin R., |
| Dates associated with a name |
1939-2017, |
| Relator term |
author. |
| 9 (RLIN) |
110261 |
| 245 10 - TITLE STATEMENT |
| Title |
Cool cities : |
| Remainder of title |
urban sovereignty and the fix for global warming / |
| Statement of responsibility, etc. |
Benjamin R. Barber. |
| 264 #1 - PRODUCTION, PUBLICATION, DISTRIBUTION, MANUFACTURE, AND COPYRIGHT NOTICE |
| Place of production, publication, distribution, manufacture |
New Haven ; |
| -- |
London : |
| Name of producer, publisher, distributor, manufacturer |
Yale University Press, |
| Date of production, publication, distribution, manufacture, or copyright notice |
[2017] |
| 264 #4 - PRODUCTION, PUBLICATION, DISTRIBUTION, MANUFACTURE, AND COPYRIGHT NOTICE |
| Date of production, publication, distribution, manufacture, or copyright notice |
©2017 |
| 300 ## - PHYSICAL DESCRIPTION |
| Extent |
xv, 207 pages ; |
| Dimensions |
22 cm |
| 336 ## - CONTENT TYPE |
| Content type term |
text |
| Content type code |
txt |
| Source |
rdacontent |
| 337 ## - MEDIA TYPE |
| Media type term |
unmediated |
| Media type code |
n |
| Source |
rdamedia |
| 338 ## - CARRIER TYPE |
| Carrier type term |
volume |
| Carrier type code |
nc |
| Source |
rdacarrier |
| 504 ## - BIBLIOGRAPHY, ETC. NOTE |
| Bibliography, etc. note |
Includes bibliographical references (pages 177-193) and index. |
| 505 0# - FORMATTED CONTENTS NOTE |
| Formatted contents note |
Introduction : politics not science -- Part One. Making politics work for science. The social contract and the rights of cities -- The devolution revolution and the politics of COP 21 -- Climate change in the anthropocene -- The facts are mute, money talks -- Privatization and market fundamentalism -- Political institutions old and new : cities not nation-states -- The road to global governance -- Climate justice : making sustainability and resilience complementary -- The end of sovereignty redux : a global parliament of mayors -- Part Two. Making democracy work for politics. Common principles and urban action -- The politics of commensurability and the challenge of trust -- City sovereignty and the need for urban networks -- A practical climate action agenda -- Exemplary cities -- Trust among cities : an index of commensurability -- Realizing the urban climate agenda. |
| 520 8# - SUMMARY, ETC. |
| Summary, etc. |
A pointed argument that cities-not nation-states-can and must take the lead in fighting climate change. Climate change is the most urgent challenge we face in an interdependent world where independent nations have grown increasingly unable to cooperate effectively, even on the urgent issue of sustainability. Can cities do better? Benjamin R. Barber argues that with more than half the world's population, 80 percent of both its GDP and its greenhouse gas emissions, and a common will to cooperate, they can. In this compelling sequel to If Mayors Ruled the World, Barber assesses both broad principles and specific strategies like fracking bans, walkable cities, above-ground mining of precious resources, energy and heating drawn from garbage incineration, downtown wind turbines, and skyscrapers built from wood. He shows how cities working together on climate change can find common measures by which to evaluate the radically different policies they pursue. This is a book for a world in which combating climate change is about nothing less than cities' survival. |
| 650 #0 - SUBJECT ADDED ENTRY--TOPICAL TERM |
| Topical term or geographic name entry element |
City planning |
| General subdivision |
Environmental aspects. |
| 9 (RLIN) |
929 |
| 650 #0 - SUBJECT ADDED ENTRY--TOPICAL TERM |
| Topical term or geographic name entry element |
Global warming. |
| 650 #0 - SUBJECT ADDED ENTRY--TOPICAL TERM |
| Topical term or geographic name entry element |
Cities and towns |
| General subdivision |
Growth. |
| 9 (RLIN) |
24240 |
| 650 #7 - SUBJECT ADDED ENTRY--TOPICAL TERM |
| Topical term or geographic name entry element |
POLITICAL SCIENCE / Public Policy / City Planning & Urban Development. |
| Source of heading or term |
bisacsh |
| 9 (RLIN) |
26669 |
| 650 #7 - SUBJECT ADDED ENTRY--TOPICAL TERM |
| Topical term or geographic name entry element |
POLITICAL SCIENCE / Public Policy / Environmental Policy. |
| Source of heading or term |
bisacsh |
| 9 (RLIN) |
83136 |
| 650 #7 - SUBJECT ADDED ENTRY--TOPICAL TERM |
| Topical term or geographic name entry element |
SCIENCE / Global Warming & Climate Change. |
| Source of heading or term |
bisacsh |
| 9 (RLIN) |
110262 |
| 650 #7 - SUBJECT ADDED ENTRY--TOPICAL TERM |
| Topical term or geographic name entry element |
Cities and towns |
| General subdivision |
Growth. |
| Source of heading or term |
fast |
| Authority record control number or standard number |
(OCoLC)fst00861781 |
| 9 (RLIN) |
24240 |
| 650 #7 - SUBJECT ADDED ENTRY--TOPICAL TERM |
| Topical term or geographic name entry element |
City planning |
| General subdivision |
Environmental aspects. |
| Source of heading or term |
fast |
| Authority record control number or standard number |
(OCoLC)fst00862209 |
| 9 (RLIN) |
929 |
| 650 #7 - SUBJECT ADDED ENTRY--TOPICAL TERM |
| Topical term or geographic name entry element |
Global warming. |
| Source of heading or term |
fast |
| Authority record control number or standard number |
(OCoLC)fst00943506 |
| 9 (RLIN) |
110263 |
| 906 ## - LOCAL DATA ELEMENT F, LDF (RLIN) |
| a |
7 |
| b |
cbc |
| c |
pccadap |
| d |
2 |
| e |
epcn |
| f |
20 |
| g |
y-gencatlg |
| 942 ## - ADDED ENTRY ELEMENTS (KOHA) |
| Source of classification or shelving scheme |
|
| Koha item type |
Book |